000 00720nam a2200157Ia 4500
008 090122s9999 xx 000 0 und d
082 _b2909
_a808.899282
100 _aपाल
_bबचेंद्री
_c/
245 _aएव्हरेस्ट - माझ्या जीवनातील अत्युच्य शिखर
260 _bनॅशनल बुक ट्रस्ट
_c2002
600 _aपाल
630 _aएव्हरेस्ट - माझ्या जीवनातील अत्युच्य शिखर
700 _aपाल
730 _aएव्हरेस्ट - माझ्या जीवनातील अत्युच्य शिखर
942 _cBOOK
999 _c26987
_d26987